| 000 | 00427nam a22001577a 4500 | ||
|---|---|---|---|
| 005 | 20260107091220.0 | ||
| 008 | 250718b |||||||| |||| 00| 0 eng d | ||
| 020 | _a978-178583025-9 | ||
| 100 | _aPACKER, NATALIE | ||
| 245 | _aTHE TEACHER'S GUIDE TO SEN | ||
| 260 |
_aCARMARTHEN _bCROWN HOUSE _c2017 |
||
| 300 | _aV,175P. | ||
| 500 | _aINCLUDES AN INDEX | ||
| 650 | _aEDUCATION-CHILDREN WITH DISABILITIES | ||
| 942 |
_2lcc _cBK |
||
| 999 |
_c215931 _d215931 |
||